| 000 | 00964cam a22002773a 4500 | ||
|---|---|---|---|
| 001 | 22175 | ||
| 003 | PGUSA | ||
| 005 | 20140828083455.0 | ||
| 008 | 070730s2007||||xxu|||||s|||||000 | eng d | ||
| 040 |
_aPGUSA _beng |
||
| 042 | _adc | ||
| 050 | 4 | _aPZ | |
| 100 | 1 |
_aMacGregor, Mary Esther Miller, _d1876-1961 |
|
| 245 | 1 | 0 |
_aStories from the Ballads, Told to the Children _h[electronic resource] / _cMary Esther Miller MacGregor |
| 260 |
_bProject Gutenberg, _c2007 |
||
| 505 | 0 | _aThe Young Tamlane -- Hynde Etin -- Hynde Horn -- Thomas the Rhymer -- Lizzie Lindsay -- The Gay Goshawk -- The Laird o' Logie. | |
| 506 | _aPublic domain in the USA. | ||
| 516 | _aElectronic text | ||
| 653 | _aBallads, Scots -- Adaptations | ||
| 653 | _aBallads, English -- Adaptations | ||
| 653 | _aChildren's stories | ||
| 700 | 1 |
_aCameron, Katharine, _d1874-1965 |
|
| 830 | 0 |
_aProject Gutenberg _v22175 |
|
| 856 | 4 | 0 | _uhttp://www.gutenberg.org/ebooks/22175 |
| 942 | _cEB | ||
| 999 |
_c251430 _d251430 |
||